Memorias secretas de una cantante

Zapisane w:
Opis bibliograficzny
1. autor: Schraeder-Devrient, Wihelmine (Autor)
Format: Książka
Język:hiszpański
Wydane: Madrid Agata 1995
Hasła przedmiotowe:
Etykiety: Dodaj etykietę
Nie ma etykietki, Dołącz pierwszą etykiete!

MARC

LEADER 00000cam a2200000 a 4500
001 UCF6697
003 CL-VaPUC
008 130516e19950000SP |||||||||||||||||spa|d
020 |a 8482380109 
082 0 4 |a 823  |b SCH  |2 21 
100 0 |a Schraeder-Devrient, Wihelmine  |e author  |9 568743 
245 1 0 |a Memorias secretas de una cantante 
300 |a 126 p 
942 |c BK 
945 |d 20130516 00:00:00  |a dcastane 
260 |a Madrid  |b Agata  |c 1995 
650 0 |a Novelas inglesas  |9 265220 
650 0 |a Literatura inglesa  |9 312907 
650 7 |a LITERATURA EROTICA  |2 CL-VaPUC  |9 315452 
583 |a last modification  |c 20130516 09:57:00  |k Rodrigo Vera 
999 |c 351836  |d 351834 
952 |0 0  |1 0  |4 0  |6 823_000000000000000_SCH_1995  |7 0  |8 A  |9 456198  |a BIBEDU  |b BIBEDU  |d 2019-11-22  |i 4956710  |o 823 SCH 1995  |p 4956710  |r 2019-11-22  |w 2019-11-22  |y BK  |k LIT